000 00857nam a2200205Ii 4500
003 JO-AjNU
008 230605s9999||||xx |||||||||||||| ||und||
040 _aJO-AjNU
_bara
_erda
_cJO-AjNU
041 _aara
050 1 4 _aBP135.M33 1980
100 3 _aتحقيق لجنة إحياء التراث العربي ,
_eauthor
_938717
245 0 0 _aالأحكام الشرعية في الأحوال الشخصية على مذهب الإمام أبي حنيفة
250 _a(د،ط)
264 3 1 _aبيروت : دار الافاق الجديدة ، 1980
300 _a197ص
336 _atext
_btxt
_2rdacontent
337 _aunmediated
_bn
_2rdamedia
338 _avolume
_bnc
_2rdacarrier
650 4 _aالأحوال الشخصية للمسلمين -- الفقه الحنفي -- الأسرة في الإسلام -- الزواج (فقه إسلامي)
_938718
999 _aA16290
_c19858
_d19858